Estadística aplicada a trav‚s de Excel / C‚sar P‚rez López (Registro nro. 16927)
[ vista simple ]
| 000 -LÍDER | |
|---|---|
| fixed length control field | 00542nam a2200169 4500 |
| 008 - ELEMENTOS DE LONGITUD FIJA -- INFORMACIÓN GENERAL | |
| fixed length control field | 0 2002 0al 000 0ESP |
| 020 ## - NÚMERO INTERNACIONAL NORMALIZADO PARA LIBROS | |
| ISBN | 84-205-3536-2 |
| 050 ## - SIGNATURA TOPOGRAFICA DE LA BIBLIOTECA DEL CONGRESO (LC) | |
| Número de Clasificación | QA276.4 P46 2002 |
| 082 ## - NUMERO DE CLASIFICACION DECIMAL DEWEY | |
| Número de Clasificación | 519.5 P438e |
| 100 ## - ASIENTO PRINCIPAL--NOMBRE PERSONAL | |
| Nombre personal | P‚rez López, C‚sar |
| 245 ## - TÍTULO | |
| Título | Estadística aplicada a trav‚s de Excel / C‚sar P‚rez López |
| 250 ## - MENCIÓN DE EDICIÓN | |
| Mención de edición | 2 |
| 260 ## - PUBLICACIÓN, DISTRIBUCIÓN, ETC. (PIE DE IMPRENTA) | |
| Lugar de publicación, distribución, etc. | Madrid, España : Pearson Educación |
| 300 ## - DESCRIPCIÓN FÍSICA | |
| Extensión | xvi, 596 p. / 24 cm. |
| 500 ## - NOTA GENERAL | |
| Nota general | Incluye CD-Rom |
| 650 ## - ASIENTO SECUNDARIO DE MATERIA - TERMINO TEMÁTICO | |
| Término temático o nombre geográfico como elemento de entrada | 1.ESTADISTICA \ 2.MICROSOFT EXCEL (ARCHIVO DE COMPUTADORA) |
| No. biblioteca | No. biblioteca | Número de clasificación | Código de barras/Número de adquisición | Número de copia | Tipo de material |
|---|---|---|---|---|---|
| LUIS G. INCLAN | LUIS G. INCLAN | 519.5 P438e | 43267 | 1 | Libros |
